World economic outlook crisis and recovery

Gespeichert in:
Bibliographische Detailangaben
Format: Buch
Sprache:Englisch
Veröffentlicht: Washington International Monetary Fund 2009
Schriftenreihe:World economic and financial surveys
Schlagworte:
Tags: Tag hinzufügen
Keine Tags, Fügen Sie das erste Tag hinzu!

MARC

LEADER 00000nam$a2200000$$$4500
001 0107293
005 20240315115805.9
020 |a 978-1-58906-806-3 
041 0 |a eng 
044 |a US 
245 1 0 |a World economic outlook  |b crisis and recovery 
264 1 |a Washington  |b International Monetary Fund  |c 2009 
300 |a xx, 228 s. 
490 1 |a World economic and financial surveys 
830 0 |a World economic and financial surveys 
610 2 0 |a politika hospodárska medzinárodná 
610 2 0 |a globalizácia 
610 2 0 |a globalizácia hospodárstva 
610 2 0 |a situácia hospodárska 
610 2 0 |a kríza 
610 2 0 |a kríza finančná 
610 2 0 |a kríza hospodárska